000 00652nam a22002177a 4500
003 OSt
005 20140310181911.0
008 130712t xxu||||| |||| 00| 0 eng d
020 _a9719150017
050 _aZ 8
_b.H557 1996
082 _aTR 020.9599
_bH43 1996
245 _aHistory of books and libraries in the Philippines 1521 - 1900
_cVicente S. Hernandez
260 _aManila :
_bThe National Commission for Culture and the arts,
_cc1996.
300 _a247 p. :
_bill. ;
_c23 cm.
520 _a1. Libraries--Philippines--History.
521 _aFaculty
541 _j1
541 _j2
562 _e2
942 _2lcc
_cBK-TR
_kTR
999 _c6507
_d6507